| 000 | 00765cam a2200301 4500 | ||
|---|---|---|---|
| 001 | ABS62173 | ||
| 008 | 000000n2000 000 0 eng u | ||
| 035 | _a(Sirsi) u105719 | ||
| 245 | _aRegional survey: Oxon, Warks & Worcs | ||
| 260 | _c2000 | ||
| 490 |
_aProperty Week _v65(16) 20 April 2000, 32-50(6) |
||
| 590 | _aABS | ||
| 650 | _aOXFORDSHIRE | ||
| 650 | _aWARWICKSHIRE | ||
| 650 | _aWORCESTERSHIRE | ||
| 650 | _aM40 CORRIDOR | ||
| 650 | _aCOWLEY | ||
| 650 | _aDIDCOT | ||
| 650 | _aKIDDERMINSTER | ||
| 650 | _aLEAMINGTON SPA | ||
| 650 | _aDROITWICH | ||
| 650 | _aREDDITCH | ||
| 650 | _aOXFORD | ||
| 650 | _aWORCESTER | ||
| 650 | _aINDUSTRIAL MARKET | ||
| 690 | _aPROPERTY-COMMERCIAL PROPERTY-COMMERCIAL PROPERTY MARKET | ||
| 942 | _n0 | ||
| 999 |
_c63310 _d63310 |
||